00981nam a2200241Ia 450000100060000000300090000600800410001504000130005604000130006904100130008210000220009510000290011724500580014624500300020425000110023426000090024526000300025426000490028430000410033350003090037465000250068365000310070833526IT-RoPAU130308s9999 xx 000 0 und d aIT-RoPAU cIT-RoPAU aITALIANO aCentro Studi Spf  gCodice Aut. SPICS: 8197 aDiritto di cronaca di Sydney Pollack (scheda 10/1985) bSchede Filmografiche 1985 a1a ed. aROMA bCentro Studi Sampaolofilm c1985 [1° Ed.:1985 - Ed.Ling.Originale:1985] a"20 p. (prefazione: no ; testo: 20)" aNote biografiche regista e interpreti Lettura del Film significazione e tematica Valutazione Globale giudizi della Stampa valorizzazione Film Drammatico Giornalismo ed Etica Professionale Libertà di Stampa e Responsabilita'Mass Media e Società Potere e Diritto all'informazione Verità e Bene Comune aSCHEDE FILMOGRAFICHE eCodice materia Spics: 6814